Štúdium rozptylu terapeutického protónového zväzku v diagnostických komponentoch ožarovacej trasy

Enregistré dans:
Détails bibliographiques
Auteur principal: Skákalová, Zuzana (Auteur)
Autres auteurs: Pavlovič, Márius (Directeur de thèse)
Format: Manuscrit Livre
Langue:slovaque
Publié: 2021
Sujets:
Accès en ligne:http://is.stuba.sk/zp/portal_zp.pl?podrobnosti=151153
Tags: Ajouter un tag
Pas de tags, Soyez le premier à ajouter un tag!

MARC

LEADER 00000ntm a22000003a 4500
001 stuzp82526
003 SK-STU
005 20210828210425.7
007 ta
008 150427s2015----xo-----f-mn---000-0-slo-d
040 |a STU  |b slo 
041 0 |a slo 
100 1 |a Skákalová, Zuzana  |u 036000  |4 aut  |U FEI Fakulta elektrotechniky a informatiky  |T FEI Ústav jadrového a fyzikálneho inžinierstva  |X 98950  |U E060  |Y 817  |7 98950 
242 0 1 |a Proton beam scattering in diagnostics components of beam delivery systems  |y eng 
245 1 0 |a Štúdium rozptylu terapeutického protónového zväzku v diagnostických komponentoch ožarovacej trasy 
260 |c 2021 
650 4 |a protónová terapia  |2 slo 
650 4 |a rozptyl  |2 slo 
650 4 |a interakcia ťažkých nabitých častíc s látkou  |2 slo 
650 4 |a SRIM  |2 slo 
650 4 |a scattering  |2 eng 
650 4 |a interaction of heavy particles with matter  |2 eng 
650 4 |a proton therapy  |2 eng 
650 4 |a SRIM  |2 eng 
700 1 |a Pavlovič, Márius  |u 036000  |k Z1  |4 ths  |U FEI Fakulta elektrotechniky a informatiky  |T FEI Ústav jadrového a fyzikálneho inžinierstva  |X 1842  |U E060  |Y 817  |7 A000001842 
856 4 |u http://is.stuba.sk/zp/portal_zp.pl?podrobnosti=151153